书目信息 |
| 题名: |
农药化学
|
|
| 作者: | 唐除痴等 编著 | |
| 分册: | ||
| 出版信息: | 天津 南开大学出版社 1998 |
|
| 页数: | 656 | |
| 开本: | 26cm | |
| 丛书名: | ||
| 单 册: | ||
| 中图分类: | TQ45 | |
| 科图分类: | ||
| 主题词: | 农药--化学工业 | |
| 电子资源: | ||
| ISBN: | 7-310-01010-8 | |
| 000 | 00519nam0 2200181 450 | |
| 001 | 0754114953 | |
| 005 | 20070929150154.95 | |
| 010 | @a7-310-01010-8 | |
| 100 | @a20070929d km y0chiy0120 ea | |
| 101 | 0 | @achi |
| 200 | 1 | @a农药化学@Anong yao hua xue@f唐除痴等 编著@Ftang chu chi deng bian zhu |
| 210 | @a天津@c南开大学出版社@d1998 | |
| 215 | @a656@c插图@d26cm | |
| 606 | 0 | @a农药@x化学工业 |
| 690 | @aTQ45@v3 | |
| 701 | 0 | @a唐除痴等@Atang chu chi deng@4编著 |
| 801 | 0 | @aCN@bPFT@c20070929 |
| 905 | @a213230@dTQ45@eh50@f1 | |
| 农药化学/唐除痴等 编著.-天津:南开大学出版社,1998 |
| 656:插图;26cm |
| ISBN 7-310-01010-8: |
| ● |
| 相关链接 |
|
|
|
|
正题名:农药化学
索取号:TQ45/h50
 
预约/预借
| 序号 | 登录号 | 条形码 | 馆藏地/架位号 | 状态 | 备注 |
| 1 | 6000953 | 260009537 | 密集书库-化学系/ [索取号:TQ45/h50] | 在馆 |